Mohlo sa to skončiť aj úplne inak

Vývoj v európskych krajinách po udalostiach v novembri 1989. Kto sa dostal na Západ - HDP podľa parity kúpnej sily v krajinách EÚ 28. Lekcie z transformácie. Skokani štvrťstoročia. Albánsko už nie je najchudobnejšie. Tiene železnej opony.

Guardado en:
Detalles Bibliográficos
Autor principal: Lehuta, Michal
Formato: Capítulo de libro
Lenguaje:eslovaco
Materias:
Etiquetas: Agregar Etiqueta
Sin Etiquetas, Sea el primero en etiquetar este registro!

MARC

LEADER 00000naa a2200000 4500
001 0194507
005 20231113101924.4
041 0 |a slo 
044 |a SK 
245 1 0 |a Mohlo sa to skončiť aj úplne inak  |c Michal Lehuta 
520 |a Vývoj v európskych krajinách po udalostiach v novembri 1989. Kto sa dostal na Západ - HDP podľa parity kúpnej sily v krajinách EÚ 28. Lekcie z transformácie. Skokani štvrťstoročia. Albánsko už nie je najchudobnejšie. Tiene železnej opony. 
610 2 0 |a politika 
610 2 0 |a situácia hospodárska 
610 2 0 |a rast hospodársky 
610 2 0 |a transformácia 
610 2 0 |a demokracia 
610 2 0 |a história 
610 2 0 |a Európa 
610 2 0 |a Európska únia 
610 2 0 |a Slovensko 
100 1 |a Lehuta, Michal